000 00496nam a2200169 i 4500
001 94872
003 ES-MaACL
005 20230906181556.0
007 t|
008 050517s1961 sp ||||1| spa d
100 1 _aLucas, Joseph.
_974533
245 1 0 _aNosotros hijos de Dios /
_cJoseph Lucas; [traducción de V. Fernández Peregrina].
260 _aMadrid :
_bRialp,
_c1961.
300 _a471 p. ;
_c18 cm.
700 1 _aFernández Peregrina, V.
_949990
852 _aES-MaACL
_jC-20226
_bR.48700
999 _c94872
_d94872